000 00235nam a2200121Ia 4500
100 _aLAMARR/HEDY
942 _cBK
245 _aECSTASY AND ME:MY LIFE AS AWOMEN
260 _b#N/A
300 _a237
546 _aENGLISH
999 _c24842
_d24842